000 00389nam a22001697a 4500
005 20180220150541.0
008 160620b xxu||||| |||| 00| 0 eng d
020 _a978-81-224-1522-3
041 _aeng
082 _b8632
_a001.42
100 _aKothari, C.R
_946
245 _aResearch Methodology
260 _bNew Age
_c2009
300 _a389
650 _aManagement
_9241
942 _cBK
999 _c3333
_d3332